Countries A-Z Closest To An Unknown Country #10 - Statistics

General Stats
  • This quiz has been taken 514 times
    475 since last reset
  • The average score is 19 of 25
Answer Stats
Letter Country % Correct
O Oman
94%
Q Qatar
92%
Y Yemen
92%
Z Zambia
91%
A Algeria
84%
F France
83%
J Jordan
82%
N Niger
82%
M Mali
79%
V Vatican City
79%
U Uganda
78%
D Democratic Republic of the Congo
77%
H Hungary
76%
I Italy
75%
L Liberia
75%
S Senegal
72%
B Burkina Faso
71%
T Togo
71%
K Kosovo
70%
G Guinea-Bissau
69%
P Portugal
67%
Now Guess the Country! Gambia
65%
E Equatorial Guinea
61%
R Romania
60%
C Cape Verde
59%
No matching quizzes found
Score Distribution
Percent of People with Each Score
Percentile by Number Answered
Your Score History
You have not taken this quiz since the last reset